[Event "Skakligaen 2019-20"]
[Site "Denmark"]
[Date "2019.12.01"]
[Round "3.3"]
[White "Hoi, Carsten"]
[Black "Sloth, Jorn"]
[Result "1/2-1/2"]
[WhiteElo "2317"]
[BlackElo "2313"]
[PlyCount "37"]
[EventDate "2019.11.23"]
[EventType "team-tourn"]
[EventRounds "9"]
[WhiteTeam "Bronshoj"]
[BlackTeam "Nordre"]
[WhiteTeamCountry "DEN"]
[BlackTeamCountry "DEN"]

1. d4 c6 2. e4 d5 3. exd5 cxd5 4. c4 Nf6 5. Nc3 g6 6. Nf3 Bg7 7. cxd5 Nxd5 8.
Bb5+ Bd7 9. Qe2 Nc7 10. Bxd7+ Qxd7 11. O-O Nc6 12. Rd1 Nd5 13. Qe4 Rd8 14. Qh4
Qf5 15. Bh6 Bf6 16. Bg5 h6 17. Bxf6 Qxf6 18. Qe4 Qf5 19. Qxf5 1/2-1/2

[Event "Skakligaen 2019-20"]
[Site "Denmark"]
[Date "2019.12.01"]
[Round "3.4"]
[White "Veng, Johnni"]
[Black "Pilgaard, Kim"]
[Result "0-1"]
[WhiteElo "2253"]
[BlackElo "2411"]
[PlyCount "88"]
[EventDate "2019.11.23"]
[EventType "team-tourn"]
[EventRounds "9"]
[WhiteTeam "Nordre"]
[BlackTeam "Bronshoj"]
[WhiteTeamCountry "DEN"]
[BlackTeamCountry "DEN"]

1. d4 Nf6 2. Nf3 e6 3. c4 b6 4. g3 Ba6 5. Qc2 Bb7 6. Bg2 Be7 7. Nc3 O-O 8. O-O
c5 9. d5 exd5 10. Nh4 Na6 11. cxd5 d6 12. Nf5 Nc7 13. e4 Re8 14. e5 Nfxd5 15.
exd6 Bxd6 16. Rd1 Be5 17. Nxd5 Bxd5 18. Ne3 Bd4 19. Nxd5 Nxd5 20. Qf5 Re5 21.
Qf3 Rc8 22. Bf4 Nxf4 23. gxf4 Re8 24. Re1 Bxb2 25. Rad1 Bd4 26. Qb7 Qh4 27. Qf3
Rcd8 28. h3 h6 29. Bf1 Qf6 30. Bb5 Re6 31. Bc4 Red6 32. Kg2 Qg6+ 33. Kh1 Qc2
34. Bb3 Qxf2 35. Qxf2 Bxf2 36. Rxd6 Rxd6 37. Re8+ Kh7 38. Re7 f5 39. Rxa7 c4
40. Bc2 Kg6 41. Rc7 Bc5 42. a4 Rd5 43. Rc6+ Kh5 44. Re6 g6 0-1

[Event "Skakligaen 2019-20"]
[Site "Denmark"]
[Date "2019.12.01"]
[Round "3.5"]
[White "Aabling Thomsen, Jakob"]
[Black "Christensen, Jan Schleicher"]
[Result "1/2-1/2"]
[WhiteElo "2347"]
[BlackElo "2177"]
[PlyCount "127"]
[EventDate "2019.11.23"]
[EventType "team-tourn"]
[EventRounds "9"]
[WhiteTeam "Bronshoj"]
[BlackTeam "Nordre"]
[WhiteTeamCountry "DEN"]
[BlackTeamCountry "DEN"]

1. c4 c5 2. g3 g6 3. Bg2 Bg7 4. Nc3 Nc6 5. a3 d6 6. Rb1 a5 7. e3 e5 8. Nge2
Nge7 9. Nb5 Be6 10. b3 O-O 11. Bb2 a4 12. d3 d5 13. O-O axb3 14. cxd5 Nxd5 15.
Rc1 Qb6 16. Nd6 Rfd8 17. Nc4 Qa6 18. Qe1 Nde7 19. Rc3 b5 20. Nd2 b4 21. axb4
cxb4 22. Rc5 Qxd3 23. Nf3 Ra2 24. Nc1 Qd6 25. Rxc6 Nxc6 26. Nxa2 bxa2 27. Qa1
b3 28. Ng5 Bg4 29. Ne4 Qd3 30. Nc5 Qb5 31. Nxb3 Qxb3 32. Bxc6 Rd2 33. Bxe5 Rd1
34. Rxd1 Qxd1+ 35. Qxd1 Bxd1 36. Bd5 Bxe5 37. Bxa2 Bf3 38. Bc4 Kg7 39. Bb3 f5
40. Bc4 Kf6 41. h4 Bc3 42. Bg8 h6 43. Bc4 Bc6 44. Bb3 Be8 45. Bd5 Bf7 46. Bg2
Ke5 47. Bc6 Kd6 48. Ba4 Kc5 49. Bc2 h5 50. e4 Be6 51. Kg2 fxe4 52. Bxe4 Bd5 53.
Kf3 Bd2 54. Bxd5 Kxd5 55. Ke2 Bc1 56. f3 Ke5 57. Kf2 Bh6 58. Kg2 Kd4 59. g4
hxg4 60. fxg4 Ke4 61. g5 Bg7 62. h5 gxh5 63. g6 Kf4 64. Kh2 1/2-1/2

[Event "Skakligaen 2019-20"]
[Site "Denmark"]
[Date "2019.12.01"]
[Round "3.6"]
[White "Klitgaard, Thomas"]
[Black "Palm, Nikolaj"]
[Result "1/2-1/2"]
[WhiteElo "2173"]
[BlackElo "2282"]
[PlyCount "85"]
[EventDate "2019.11.23"]
[EventType "team-tourn"]
[EventRounds "9"]
[WhiteTeam "Nordre"]
[BlackTeam "Bronshoj"]
[WhiteTeamCountry "DEN"]
[BlackTeamCountry "DEN"]

1. d4 d5 2. c4 e6 3. Nc3 Nf6 4. cxd5 exd5 5. Bg5 Nbd7 6. e3 Be7 7. Bd3 c6 8.
Qc2 O-O 9. Nf3 Re8 10. h3 Nf8 11. O-O Ne4 12. Bf4 Nd6 13. b4 Be6 14. b5 Ng6 15.
Bxd6 Bxd6 16. bxc6 bxc6 17. Na4 Rc8 18. Nc5 Rc7 19. Rab1 Qf6 20. Nxe6 Qxe6 21.
Rfc1 h6 22. Qa4 Ne7 23. Qa6 Qd7 24. Rb3 Rec8 25. Qa4 g6 26. Rbc3 Qe6 27. Nd2
Kg7 28. Nb3 Qf6 29. Nc5 h5 30. Qc2 Bxc5 31. Rxc5 Rb8 32. Ba6 Rb6 33. Qe2 Rd7
34. Bd3 Rdb7 35. a4 Rb2 36. R5c2 Rxc2 37. Qxc2 Qd6 38. Qc5 Qxc5 39. Rxc5 Kf6
40. Kf1 Ke6 41. Ke2 Kd6 42. Kd2 Nc8 43. Ba6 {Ke5} 1/2-1/2

[Event "Skakligaen 2019-20"]
[Site "Denmark"]
[Date "2019.12.01"]
[Round "3.7"]
[White "Laursen, Niels Norskov"]
[Black "Holst, Per"]
[Result "0-1"]
[WhiteElo "2251"]
[BlackElo "2153"]
[PlyCount "72"]
[EventDate "2019.11.23"]
[EventType "team-tourn"]
[EventRounds "9"]
[WhiteTeam "Bronshoj"]
[BlackTeam "Nordre"]
[WhiteTeamCountry "DEN"]
[BlackTeamCountry "DEN"]

1. e4 e6 2. d4 d5 3. Nd2 Nf6 4. e5 Nfd7 5. Ngf3 c5 6. c3 Nc6 7. Bd3 g6 8. O-O
Bg7 9. Re1 O-O 10. Bb5 Qb6 11. Bxc6 bxc6 12. dxc5 Qc7 13. Qe2 Nxc5 14. b3 Rd8
15. Qe3 Nd7 16. Ba3 c5 17. c4 d4 18. Qg5 h6 19. Qg3 Bb7 20. Ne4 Bxe4 21. Rxe4
a5 22. Rae1 Rdb8 23. Bc1 a4 24. Rh4 axb3 25. axb3 Ra1 26. Bxh6 Rxe1+ 27. Nxe1
Qxe5 28. Qxe5 Nxe5 29. Bxg7 Kxg7 30. Rh3 Nd7 31. f4 f6 32. Nc2 e5 33. fxe5 fxe5
34. b4 cxb4 35. Rb3 Nc5 36. Rxb4 d3 0-1

[Event "Skakligaen 2019-20"]
[Site "Denmark"]
[Date "2019.12.01"]
[Round "3.8"]
[White "Hoiberg, Nina"]
[Black "Holmsgaard, Henrik"]
[Result "1/2-1/2"]
[WhiteElo "2187"]
[BlackElo "2221"]
[PlyCount "92"]
[EventDate "2019.11.23"]
[EventType "team-tourn"]
[EventRounds "9"]
[WhiteTeam "Nordre"]
[BlackTeam "Bronshoj"]
[WhiteTeamCountry "DEN"]
[BlackTeamCountry "DEN"]

1. e4 c5 2. Nf3 e6 3. d4 cxd4 4. Nxd4 Nc6 5. Be3 Nf6 6. Bd3 d5 7. Nxc6 bxc6 8.
exd5 exd5 9. Qe2 Be7 10. Bc5 Be6 11. Bxe7 Qxe7 12. O-O O-O 13. Nd2 Rfe8 14.
Rfe1 Qd6 15. Qf3 Bg4 16. Qg3 Qb4 17. Rxe8+ Rxe8 18. h3 Bxh3 19. Qxh3 Qxd2 20.
Qf5 Re6 21. Qf3 g6 22. Rd1 Qb4 23. b3 Kg7 24. a4 h5 25. Rf1 Ng4 26. Qd1 Qf4 27.
g3 Qf6 28. Be2 Ne5 29. f4 Nd7 30. Bd3 Nc5 31. f5 Re3 32. Kg2 Qe5 33. Rf3 Rxf3
34. Qxf3 Ne4 35. fxg6 fxg6 36. Qe3 Kf6 37. a5 Ke6 38. a6 Kd6 39. Qf3 Ke7 40.
Qe3 Kd6 41. Qxa7 Qxg3+ 42. Kf1 Qf4+ 43. Kg1 Qg3+ 44. Kf1 Qf4+ 45. Kg1 Qg3+ 46.
Kf1 Qf4+ 1/2-1/2

[Event "Skakligaen 2019-20"]
[Site "Denmark"]
[Date "2020.01.11"]
[Round "4.1"]
[White "Berkes, Ferenc"]
[Black "Jacobsen, Mikkel Manosri"]
[Result "1-0"]
[WhiteElo "2647"]
[BlackElo "2330"]
[PlyCount "57"]
[EventDate "2019.11.23"]
[EventType "team-tourn"]
[EventRounds "9"]
[WhiteTeam "Koge"]
[BlackTeam "BMS"]
[WhiteTeamCountry "DEN"]
[BlackTeamCountry "DEN"]

1. d4 Nf6 2. c4 e6 3. Nc3 d5 4. cxd5 exd5 5. Bg5 Nbd7 6. e3 Be7 7. Bd3 O-O 8.
Qc2 a6 9. Nf3 h6 10. Bh4 c5 11. O-O c4 12. Bf5 b5 13. Ne5 Nxe5 14. dxe5 Ne8 15.
Bg3 Bxf5 16. Qxf5 b4 17. Ne2 Nc7 18. Rfd1 Qc8 19. Qf3 Qb7 20. Rac1 Rfd8 21. Nd4
Qb6 22. h4 Bf8 23. Nf5 Qa5 24. Nd6 Bxd6 25. exd6 Nb5 26. Qxd5 Qxa2 27. Be5 Ra7
28. Rxc4 Qa4 29. Rg4 1-0

[Event "Skakligaen 2019-20"]
[Site "Denmark"]
[Date "2020.01.11"]
[Round "4.2"]
[White "Lindgren, Philip"]
[Black "Tari, Aryan"]
[Result "1/2-1/2"]
[WhiteElo "2353"]
[BlackElo "2629"]
[PlyCount "70"]
[EventDate "2019.11.23"]
[EventType "team-tourn"]
[EventRounds "9"]
[WhiteTeam "BMS"]
[BlackTeam "Koge"]
[WhiteTeamCountry "DEN"]
[BlackTeamCountry "DEN"]

1. d4 Nf6 2. c4 g6 3. Nf3 Bg7 4. Nc3 d5 5. Qb3 dxc4 6. Qxc4 Be6 7. Qa4+ Bd7 8.
Qb3 c5 9. dxc5 Na6 10. g3 Nxc5 11. Qb4 Rc8 12. Bg2 a5 13. Qh4 h6 14. O-O Ng4
15. Nd5 Ne4 16. Nd2 Nef6 17. h3 Nxd5 18. hxg4 Nf6 19. Ne4 Rc4 20. Nxf6+ Bxf6
21. Qh1 Rxg4 22. Rd1 h5 23. Bxb7 Qb6 24. Be3 Rxg3+ 25. Kf1 Rxe3 26. fxe3 Ba4
27. Rac1 O-O 28. b3 Bb5 29. a4 Rb8 30. axb5 Rxb7 31. Rc8+ Kg7 32. Rdd8 Rc7 33.
Rg8+ Kh7 34. Qd5 e6 35. Qf3 Bg7 1/2-1/2

[Event "Skakligaen 2019-20"]
[Site "Denmark"]
[Date "2020.01.11"]
[Round "4.3"]
[White "Sengupta, Deep"]
[Black "Haubro, Martin"]
[Result "0-1"]
[WhiteElo "2557"]
[BlackElo "2358"]
[PlyCount "160"]
[EventDate "2019.11.23"]
[EventType "team-tourn"]
[EventRounds "9"]
[WhiteTeam "Koge"]
[BlackTeam "BMS"]
[WhiteTeamCountry "DEN"]
[BlackTeamCountry "DEN"]

1. e4 e5 2. Nf3 Nc6 3. Bc4 Nf6 4. d3 Bc5 5. O-O O-O 6. h3 d6 7. c3 a6 8. a4 Ba7
9. Re1 Re8 10. Bg5 h6 11. Bh4 Qe7 12. Nbd2 Be6 13. b4 Bxc4 14. Nxc4 Qe6 15. b5
Nb8 16. Bxf6 Qxf6 17. d4 exd4 18. cxd4 axb5 19. axb5 Nd7 20. Qd3 Bb6 21. Rac1
Rac8 22. Ne3 Ra8 23. Nf5 Nf8 24. Nh2 Ne6 25. Rcd1 Ra2 26. Re3 h5 27. Qb1 Rea8
28. e5 dxe5 29. dxe5 Qg5 30. Nf3 Qf4 31. Ne7+ Kh8 32. Nd5 Qa4 33. Nxb6 cxb6 34.
Re4 Qc2 35. Qxc2 Rxc2 36. Nd4 Rc4 37. Rd2 Rd8 38. Nxe6 Rc1+ 39. Kh2 Rxd2 40.
Ng5 Rxf2 41. Rd4 g6 42. e6 fxe6 43. Rd8+ Kg7 44. Nxe6+ Kh7 45. Rd7+ Kh6 46. Rd8
g5 47. Rh8+ Kg6 48. Rg8+ Kf7 49. Rf8+ Kxe6 50. Rxf2 Rb1 51. Rf8 Rxb5 52. Rb8
Kd6 53. Rxb7 Kc6 54. Rh7 h4 55. Rh6+ Kb7 56. g3 Rb2+ 57. Kg1 hxg3 58. Rg6 Rh2
59. Rxg5 Rxh3 60. Kg2 Rh6 61. Kf3 Rc6 62. Ke4 Rc3 63. Kd4 Ra3 64. Kc4 Kc7 65.
Rg6 Rf3 66. Kb5 Kd7 67. Kc4 Ke7 68. Rxb6 Kf7 69. Rb2 Kf6 70. Rb8 Kg5 71. Kd4
Kg4 72. Rg8+ Kh3 73. Ke4 Rf7 74. Rh8+ Kg2 75. Ke3 Kg1 76. Rg8 g2 77. Ke2 Re7+
78. Kd3 Rh7 79. Ke2 Kh2 80. Kf2 g1=Q+ 0-1

[Event "Skakligaen 2019-20"]
[Site "Denmark"]
[Date "2020.01.11"]
[Round "4.4"]
[White "Sahl, Bjarke"]
[Black "Brunello, Sabino"]
[Result "0-1"]
[WhiteElo "2326"]
[BlackElo "2549"]
[PlyCount "82"]
[EventDate "2019.11.23"]
[EventType "team-tourn"]
[EventRounds "9"]
[WhiteTeam "BMS"]
[BlackTeam "Koge"]
[WhiteTeamCountry "DEN"]
[BlackTeamCountry "DEN"]

1. d4 Nf6 2. c4 e6 3. Nc3 Bb4 4. Nf3 b6 5. g3 Ba6 6. Qa4 c5 7. a3 Bxc3+ 8. bxc3
Qc8 9. Bg2 O-O 10. O-O cxd4 11. Nxd4 Bb7 12. Bxb7 Qxb7 13. Rd1 Rc8 14. Nf3 Qe4
15. Nd4 Nc6 16. f3 Qe5 17. Qb5 Qxb5 18. cxb5 Na5 19. Bd2 Rc4 20. e4 d5 21. e5
Nd7 22. f4 Nc5 23. Rab1 Ne4 24. f5 Re8 25. fxe6 fxe6 26. Ne2 g5 27. Be3 Kf7 28.
Rb4 Kg6 29. Bd4 Rc7 30. g4 Nc4 31. a4 Ncd2 32. Kg2 Rf8 33. Ng3 Nf3 34. Nxe4
dxe4 35. Rb2 Rf4 36. h3 h5 37. gxh5+ Kxh5 38. Re2 g4 39. hxg4+ Rxg4+ 40. Kf2
Rf7 41. Ke3 Rg3 0-1

[Event "Skakligaen 2019-20"]
[Site "Denmark"]
[Date "2020.01.11"]
[Round "4.5"]
[White "Chatalbashev, Boris"]
[Black "Vesterli, Michael E"]
[Result "0-1"]
[WhiteElo "2530"]
[BlackElo "2234"]
[PlyCount "98"]
[EventDate "2019.11.23"]
[EventType "team-tourn"]
[EventRounds "9"]
[WhiteTeam "Koge"]
[BlackTeam "BMS"]
[WhiteTeamCountry "DEN"]
[BlackTeamCountry "DEN"]

1. d4 Nf6 2. c4 g6 3. Nc3 Bg7 4. e4 d6 5. Be2 O-O 6. Bg5 h6 7. Be3 e5 8. d5 Na6
9. Qd2 Kh7 10. f3 c6 11. dxc6 bxc6 12. Rd1 Qa5 13. Qxd6 Be6 14. Qxc6 Nb4 15.
Qc5 Nc2+ 16. Kd2 Qxc5 17. Bxc5 Rfc8 18. Kxc2 Rxc5 19. b3 a5 20. g3 Nd7 21. Bf1
Rc6 22. Bh3 f5 23. Nge2 Nc5 24. exf5 gxf5 25. Nd5 a4 26. Nec3 axb3+ 27. axb3
Ra3 28. Rb1 e4 29. Rhd1 exf3 30. Nf4 Bxc4 31. Bxf5+ Kg8 32. Rd8+ Kf7 33. bxc4
Rxc3+ 34. Kd2 Rxc4 35. Ke3 Rc3+ 36. Kf2 Ra6 37. Rbd1 Bf8 38. Bg6+ Kg7 39. Bb1
Rb6 40. Nd5 Rb2+ 41. Kg1 Rcb3 42. Rc8 Rxb1 43. Rxb1 Rxb1+ 44. Kf2 Rb3 45. Rc7+
Kg6 46. Rc6+ Kh7 47. Nf6+ Kg7 48. Nh5+ Kh8 49. Nf6 Nd3+ 0-1

[Event "Skakligaen 2019-20"]
[Site "Denmark"]
[Date "2020.01.11"]
[Round "4.6"]
[White "Seegert, Kristian"]
[Black "Danielsen, Henrik"]
[Result "0-1"]
[WhiteElo "2234"]
[BlackElo "2497"]
[PlyCount "108"]
[EventDate "2019.11.23"]
[EventType "team-tourn"]
[EventRounds "9"]
[WhiteTeam "BMS"]
[BlackTeam "Koge"]
[WhiteTeamCountry "DEN"]
[BlackTeamCountry "DEN"]

1. e4 g6 2. d4 d6 3. Nc3 Bg7 4. Be3 a6 5. Qd2 Nd7 6. O-O-O b5 7. h4 h5 8. Nh3
Nb6 9. Ng5 Nf6 10. e5 Ng4 11. e6 Bxe6 12. Nxe6 fxe6 13. Bd3 Nc4 14. Bxg6+ Kd7
15. Qe2 c5 16. Ne4 Qa5 17. a3 Rac8 18. Bd2 Nxd2 19. Nxd2 cxd4 20. Nb3 Qa4 21.
Kb1 Qc4 22. Bd3 Qd5 23. Rhe1 Rh6 24. Be4 Qc4 25. Bd3 Qd5 26. Be4 Qc4 27. Bd3
Qc7 28. Be4 Be5 29. Nxd4 Qc4 30. Bd3 Qc5 31. Nf3 Rf6 32. Nxe5+ Nxe5 33. f3 Nc4
34. Bxc4 Qxc4 35. Qe4 Qxe4 36. Rxe4 Rg8 37. Re5 Rxg2 38. Rxh5 Rxf3 39. Rh8 Rff2
40. Rc1 e5 41. h5 e4 42. h6 Rh2 43. h7 Rf7 44. Re1 d5 45. Re2 Rh1+ 46. Ka2
Rfxh7 47. Rxh7 Rxh7 48. Kb3 Kc6 49. a4 Kc5 50. c3 Rh3 51. axb5 axb5 52. Kc2 b4
53. Rg2 bxc3 54. bxc3 Kc4 0-1

[Event "Skakligaen 2019-20"]
[Site "Denmark"]
[Date "2020.01.11"]
[Round "4.7"]
[White "Smith, Axel"]
[Black "Akdag, Dara Sevkan"]
[Result "0-1"]
[WhiteElo "2465"]
[BlackElo "2209"]
[PlyCount "70"]
[EventDate "2019.11.23"]
[EventType "team-tourn"]
[EventRounds "9"]
[WhiteTeam "Koge"]
[BlackTeam "BMS"]
[WhiteTeamCountry "DEN"]
[BlackTeamCountry "DEN"]

1. Nf3 Nf6 2. c4 g6 3. g3 Bg7 4. Bg2 O-O 5. O-O Re8 6. Nc3 d5 7. d4 dxc4 8. Ne5
Nfd7 9. Nxc4 Nc6 10. d5 Nce5 11. Ne3 Nb6 12. Qc2 Bd7 13. Rd1 Qc8 14. f4 Nec4
15. Nxc4 Nxc4 16. b3 Nb6 17. Bb2 e5 18. dxe6 Rxe6 19. Ne4 Bc6 20. Ng5 Re3 21.
Bxg7 Kxg7 22. Bxc6 bxc6 23. Qxc6 Qf5 24. Rd2 Rae8 25. Qg2 c6 26. Rc1 Qa5 27.
Rdc2 Nd5 28. Nf3 Nb4 29. Rb2 Nxa2 30. Ra1 Qb6 31. Kh1 Nc3 32. Ne5 Qb5 33. Rxa7
Nxe2 34. Rxf7+ Kg8 35. Qh3 Qd5+ 0-1

[Event "Skakligaen 2019-20"]
[Site "Denmark"]
[Date "2020.01.11"]
[Round "4.8"]
[White "Brorsen, Jacob Abildlund"]
[Black "Percivaldi, Martin"]
[Result "0-1"]
[WhiteElo "2164"]
[BlackElo "2384"]
[PlyCount "98"]
[EventDate "2019.11.23"]
[EventType "team-tourn"]
[EventRounds "9"]
[WhiteTeam "BMS"]
[BlackTeam "Koge"]
[WhiteTeamCountry "DEN"]
[BlackTeamCountry "DEN"]

1. e4 e6 2. d4 d5 3. Nd2 Be7 4. Bd3 c5 5. dxc5 Nf6 6. Ngf3 dxe4 7. Nxe4 Nxe4 8.
Bxe4 Qxd1+ 9. Kxd1 Bxc5 10. Be3 Bxe3 11. fxe3 Nd7 12. Ke2 Ke7 13. Rhd1 h5 14.
Rd2 h4 15. Rad1 Rb8 16. b4 Nf6 17. Rd4 Bd7 18. Ne5 Ba4 19. Bf3 Rhc8 20. R1d2
Rxc2 21. Rxc2 Bxc2 22. Rxh4 Ba4 23. Rd4 Ne8 24. h4 Nd6 25. Kd2 Rc8 26. Bd1 Bxd1
27. Kxd1 Rc3 28. Ke2 Nf5 29. Rd3 Rxd3 30. Kxd3 Nxh4 31. g4 f6 32. Nc4 Kd7 33.
Ke4 Ng6 34. a4 Ne7 35. Kd4 b6 36. e4 e5+ 37. Kc3 Nc8 38. Ne3 Nd6 39. Kd3 Ne8
40. Kc4 Nc7 41. Kc3 a6 42. Kd3 Kc6 43. Nf5 Ne6 44. Kc4 b5+ 45. axb5+ axb5+ 46.
Kc3 Kd7 47. Kd3 g6 48. Ne3 Kd6 49. Nd5 Nf4+ {Kd4} 0-1

[Event "Skakligaen 2019-20"]
[Site "Denmark"]
[Date "2020.01.11"]
[Round "4.1"]
[White "Nielsen, Viktor Haarmark"]
[Black "Hansen, Sune Berg"]
[Result "0-1"]
[WhiteElo "2268"]
[BlackElo "2574"]
[PlyCount "72"]
[EventDate "2019.11.23"]
[EventType "team-tourn"]
[EventRounds "9"]
[WhiteTeam "OBRO"]
[BlackTeam "Hillerod"]
[WhiteTeamCountry "DEN"]
[BlackTeamCountry "DEN"]

1. e4 e5 2. Nf3 Nc6 3. Bb5 a6 4. Ba4 Nf6 5. O-O Be7 6. Re1 b5 7. Bb3 O-O 8. a4
b4 9. d4 d6 10. dxe5 Nxe5 11. Nxe5 dxe5 12. Nd2 Bc5 13. Qe2 Bb7 14. Bc4 a5 15.
Bd3 Qe7 16. Nb3 Bb6 17. Be3 Rfd8 18. f3 Nh5 19. g3 Rd6 20. Rad1 Rg6 21. Qf2 Nf4
22. Kh1 Nxd3 23. Rxd3 Bc6 24. Nc5 Rf8 25. g4 h6 26. b3 Rd6 27. Red1 Rd4 28.
Rxd4 exd4 29. Bxd4 Rd8 30. Rd3 Rxd4 31. Qxd4 Kh7 32. Qc4 Bxc5 33. Kg2 Be8 34.
Qd5 Bb6 35. Qd8 Qc5 36. Qxe8 Qxc2+ 0-1

[Event "Skakligaen 2019-20"]
[Site "Denmark"]
[Date "2020.01.11"]
[Round "4.2"]
[White "Schandorff, Lars"]
[Black "Hansen, Mads Smith"]
[Result "1/2-1/2"]
[WhiteElo "2480"]
[BlackElo "2361"]
[PlyCount "86"]
[EventDate "2019.11.23"]
[EventType "team-tourn"]
[EventRounds "9"]
[WhiteTeam "Hillerod"]
[BlackTeam "OBRO"]
[WhiteTeamCountry "DEN"]
[BlackTeamCountry "DEN"]

1. c4 c5 2. Nf3 g6 3. d4 cxd4 4. Nxd4 Nc6 5. e4 Bg7 6. Be3 Nf6 7. Nc3 Ng4 8.
Qxg4 Nxd4 9. Qd1 e5 10. Bd3 O-O 11. O-O b6 12. Qd2 Bb7 13. Rfd1 a6 14. Ne2 b5
15. Nxd4 exd4 16. Bh6 Bxh6 17. Qxh6 bxc4 18. Bxc4 Qf6 19. Qd2 Bxe4 20. Qxd4
Qxd4 21. Rxd4 Bc6 22. b4 Kg7 23. a4 Rfb8 24. Bd3 Rb7 25. f3 Kf6 26. a5 Rab8 27.
Rf4+ Ke7 28. Re1+ Kf8 29. Bxa6 Rxb4 30. Rxb4 Rxb4 31. Ra1 Ke7 32. Bf1 Ra4 33.
Re1+ Kd8 34. a6 d5 35. Kf2 Kd7 36. Rb1 h5 37. Rb2 Kd6 38. Bd3 Ra3 39. Ke3 Kc5
40. Rc2+ Kd6 41. Rb2 Kc5 42. Rc2+ Kd6 43. Rb2 Kc5 1/2-1/2

[Event "Skakligaen 2019-20"]
[Site "Denmark"]
[Date "2020.01.11"]
[Round "4.3"]
[White "Hansen, Soren Bech"]
[Black "Borge, Nikolaj"]
[Result "1/2-1/2"]
[WhiteElo "2221"]
[BlackElo "2372"]
[PlyCount "84"]
[EventDate "2019.11.23"]
[EventType "team-tourn"]
[EventRounds "9"]
[WhiteTeam "OBRO"]
[BlackTeam "Hillerod"]
[WhiteTeamCountry "DEN"]
[BlackTeamCountry "DEN"]

1. e4 c5 2. Nf3 e6 3. g3 Nf6 4. Qe2 d5 5. exd5 Nxd5 6. Bg2 Nc6 7. O-O g6 8. Nc3
Bg7 9. Nxd5 Qxd5 10. c3 O-O 11. d3 Qd6 12. Be3 e5 13. Nd2 b6 14. Nc4 Qd7 15. f4
Bb7 16. fxe5 Nxe5 17. Nxe5 Bxe5 18. Bxb7 Qxb7 19. Bxc5 Bxc3 20. bxc3 bxc5 21.
Rab1 Qd5 22. Rb5 Rae8 23. Qf3 Qxa2 24. Rxc5 Re2 25. Rc7 a5 26. c4 Rxh2 27. Rxf7
Qg2+ 28. Qxg2 Rxg2+ 29. Kxg2 Rxf7 30. Ra1 Ra7 31. Ra4 Kf7 32. Kf3 Ke6 33. Ke4
Kd6 34. d4 Kc6 35. d5+ Kc5 36. Ke5 Re7+ 37. Kf6 Ra7 38. Ke6 Ra6+ 39. Ke5 Ra8
40. g4 h5 41. gxh5 gxh5 42. Kf4 h4 1/2-1/2

[Event "Skakligaen 2019-20"]
[Site "Denmark"]
[Date "2020.01.11"]
[Round "4.4"]
[White "Pedersen, Steffen"]
[Black "Larsen, Karsten"]
[Result "1/2-1/2"]
[WhiteElo "2308"]
[BlackElo "2259"]
[PlyCount "48"]
[EventDate "2019.11.23"]
[EventType "team-tourn"]
[EventRounds "9"]
[WhiteTeam "Hillerod"]
[BlackTeam "OBRO"]
[WhiteTeamCountry "DEN"]
[BlackTeamCountry "DEN"]

1. d4 d5 2. c4 e6 3. Nf3 Nf6 4. g3 Nc6 5. Bg2 dxc4 6. O-O Rb8 7. e3 Be7 8. Qe2
b5 9. Rd1 O-O 10. e4 Bb7 11. Bf4 Nh5 12. Be3 Nf6 13. Bf4 Nh5 14. Be3 Nf6 15.
Nc3 a6 16. Bf4 Nh5 17. Be3 Nf6 18. Bf4 Nb4 19. Ne1 Re8 20. Rd2 Bf8 21. Qd1 Qe7
22. d5 exd5 23. exd5 Rbd8 24. Bg5 Qe5 1/2-1/2

[Event "Skakligaen 2019-20"]
[Site "Denmark"]
[Date "2020.01.11"]
[Round "4.5"]
[White "Simonsen, Carsten"]
[Black "Jaksland, Tim"]
[Result "1/2-1/2"]
[WhiteElo "2232"]
[BlackElo "2218"]
[PlyCount "41"]
[EventDate "2019.11.23"]
[EventType "team-tourn"]
[EventRounds "9"]
[WhiteTeam "OBRO"]
[BlackTeam "Hillerod"]
[WhiteTeamCountry "DEN"]
[BlackTeamCountry "DEN"]

1. d4 Nf6 2. Nf3 g6 3. Bg5 Bg7 4. Nbd2 c5 5. Bxf6 Bxf6 6. Ne4 Qb6 7. Nxf6+ Qxf6
8. c3 cxd4 9. Qxd4 Qxd4 10. cxd4 d6 11. e3 Nc6 12. Bc4 O-O 13. O-O Bg4 14. Rac1
Rac8 15. a3 Kg7 16. Bd5 Bd7 17. Rc3 e6 18. Ba2 Ne7 19. Rfc1 Rxc3 20. Rxc3 Rc8
21. Rxc8 1/2-1/2

[Event "Skakligaen 2019-20"]
[Site "Denmark"]
[Date "2020.01.11"]
[Round "4.6"]
[White "Ostergaard, Jens"]
[Black "Schou Moldt, Thomas"]
[Result "1/2-1/2"]
[WhiteElo "2228"]
[BlackElo "2173"]
[PlyCount "125"]
[EventDate "2019.11.23"]
[EventType "team-tourn"]
[EventRounds "9"]
[WhiteTeam "Hillerod"]
[BlackTeam "OBRO"]
[WhiteTeamCountry "DEN"]
[BlackTeamCountry "DEN"]

1. d4 Nf6 2. Nf3 d6 3. c4 Nbd7 4. Nc3 c6 5. e4 e5 6. Be2 Qc7 7. O-O Be7 8. Re1
O-O 9. Bf1 Re8 10. Bg5 Bf8 11. Rc1 g6 12. b4 Bg7 13. Qd2 Nf8 14. d5 Bg4 15. Be2
Bxf3 16. Bxf3 N8d7 17. dxc6 bxc6 18. Red1 Re6 19. b5 a6 20. Nd5 Qb7 21. bxc6
Qxc6 22. Qa5 Rc8 23. Be3 Bf8 24. Nb4 Qa8 25. Nd5 Qc6 26. h3 h6 27. Rd3 Kg7 28.
Ra3 Nc5 29. Bxc5 Qxc5 30. Qxa6 Nxd5 31. Ra5 Rc6 32. Qa8 Rc8 33. Qxd5 Qxd5 34.
exd5 Re7 35. Bd1 Rec7 36. Bb3 Rc5 37. Rxc5 Rxc5 38. Rc2 Be7 39. Kf1 Bd8 40. Ke2
Bb6 41. Kd3 Ra5 42. f3 Bc5 43. a4 f5 44. Rb2 Kf6 45. Bc2 Kg5 46. Rb8 Kf6 47. g4
Ra7 48. Ke2 Kg7 49. Re8 Rb7 50. gxf5 gxf5 51. Bxf5 Rb4 52. Bd3 Rxa4 53. Re6
Ra2+ 54. Kd1 Bb4 55. Be4 Rd2+ 56. Kc1 Rh2 57. Bf5 h5 58. Kb1 Rf2 59. Be4 Rh2
60. Bf5 Rf2 61. Rg6+ Kf7 62. Rh6 Kg7 63. Rg6+ 1/2-1/2

[Event "Skakligaen 2019-20"]
[Site "Denmark"]
[Date "2020.01.11"]
[Round "4.7"]
[White "Christensen, Janus"]
[Black "Laursen, Christopher Hofman"]
[Result "1/2-1/2"]
[WhiteElo "2095"]
[BlackElo "2257"]
[PlyCount "61"]
[EventDate "2019.11.23"]
[EventType "team-tourn"]
[EventRounds "9"]
[WhiteTeam "OBRO"]
[BlackTeam "Hillerod"]
[WhiteTeamCountry "DEN"]
[BlackTeamCountry "DEN"]

1. e4 e6 2. d4 d5 3. Nc3 Bb4 4. a3 Bxc3+ 5. bxc3 dxe4 6. Qg4 Nf6 7. Qxg7 Rg8 8.
Qh6 c5 9. Ne2 Nbd7 10. Bb2 Qa5 11. O-O-O b6 12. Nf4 Bb7 13. Be2 O-O-O 14. Rhg1
Kb8 15. g4 Rc8 16. g5 cxd4 17. c4 d3 18. gxf6 Rxg1 19. Rxg1 dxe2 20. Nxe2 Qf5
21. Qd2 Nxf6 22. Nd4 e3 23. Qxe3 Qe4 24. Qg3+ e5 25. Nb5 Qxc4 26. Bxe5+ Ka8 27.
Nc7+ Kb8 28. Na6+ Ka8 29. Nc7+ Kb8 30. Na6+ Ka8 31. Nc7+ 1/2-1/2

[Event "Skakligaen 2019-20"]
[Site "Denmark"]
[Date "2020.01.11"]
[Round "4.8"]
[White "Nordenbaek, Jan"]
[Black "Skou, Niels"]
[Result "1/2-1/2"]
[WhiteElo "2239"]
[BlackElo "2101"]
[PlyCount "47"]
[EventDate "2019.11.23"]
[EventType "team-tourn"]
[EventRounds "9"]
[WhiteTeam "Hillerod"]
[BlackTeam "OBRO"]
[WhiteTeamCountry "DEN"]
[BlackTeamCountry "DEN"]

1. e4 e5 2. Nf3 Nc6 3. Nc3 Nf6 4. a3 Bc5 5. Nxe5 Nxe5 6. d4 Bd6 7. f4 Nc6 8. e5
Be7 9. d5 Nxd5 10. Nxd5 d6 11. exd6 Bxd6 12. Be3 O-O 13. Qf3 Qh4+ 14. g3 Qg4
15. Bg2 Re8 16. O-O-O Bf5 17. Rhe1 Qg6 18. Qf2 Be4 19. Bxe4 Rxe4 20. Nc3 Ree8
21. Nb5 Red8 22. Qf3 Qf6 23. Nxd6 Rxd6 24. Bc5 1/2-1/2

[Event "Skakligaen 2019-20"]
[Site "Denmark"]
[Date "2020.01.11"]
[Round "4.1"]
[White "Glud, Jakob Vang"]
[Black "Andersen, Mads"]
[Result "1/2-1/2"]
[WhiteElo "2550"]
[BlackElo "2601"]
[PlyCount "51"]
[EventDate "2019.11.23"]
[EventType "team-tourn"]
[EventRounds "9"]
[WhiteTeam "Aarhus Skolerne"]
[BlackTeam "Skanderborg"]
[WhiteTeamCountry "DEN"]
[BlackTeamCountry "DEN"]

1. Nf3 Nf6 2. g3 g6 3. Bg2 Bg7 4. c4 c6 5. d4 d5 6. cxd5 cxd5 7. O-O O-O 8. Ne5
b6 9. Nc3 Bb7 10. Bf4 Nc6 11. Rc1 Rc8 12. Qd2 e6 13. Bg5 Ne7 14. Rc2 Ne8 15.
Bh6 Bxh6 16. Qxh6 Nd6 17. Rfc1 f6 18. Nf3 Nef5 19. Qd2 Ne4 20. Qd3 Nfd6 21. Bh3
Qd7 22. Nxe4 dxe4 23. Qb3 Nf5 24. Bxf5 Bd5 25. Qe3 exf3 26. Be4 1/2-1/2